| 000 | 00635nam a22001937a 4500 | ||
|---|---|---|---|
| 003 | DO-SdBNP | ||
| 005 | 20210608145246.0 | ||
| 008 | 150721s2019 dr 000 0 spa d | ||
| 020 | _a9789945910261 | ||
| 040 |
_aDO-SdBNP _bspa _cBNPHU |
||
| 100 | 1 |
_aRuiz Ruiz, Robinson, _974327 _d1985- |
|
| 245 | 1 | 3 |
_aUn consumidor común / _cRobinson Braulio Ruiz Ruiz ; prólogo: Nicolás Rodríguez Ramírez. |
| 250 | _a2da ed. | ||
| 260 |
_aSanto Domingo : _bEditora Luz De Luna, _c2019. |
||
| 300 |
_a78 p. ; _c21 cm. |
||
| 590 | _aInventariado, 2021 /LP | ||
| 700 |
_aRodríguez Ramírez, Nicolás _eprólogo _911163 |
||
| 942 |
_2ddc _cLBS1 |
||
| 999 |
_c49894 _d49894 |
||